شطرنج : (Record no. 30825)
[ view plain ]
| 000 -الفاتح | |
|---|---|
| حقل البيانات ثابتة الطول | 00951nam a22002657i 4500 |
| 003 - محدد رقم الضبط | |
| رقم الضبط | EG-ScBUE |
| 005 - وقت وتاريخ اخر تعامل مع التسجيلة | |
| رقم الضبط | 20241126093618.0 |
| 008 - عناصر البيانات ثابتة الطول - معلومات عامة | |
| حقل البيانات ثابتة الطول | 220731s2024 ua f 000 j ara d |
| 017 ## - رقم الإيداع القانونى | |
| رقم الإيداع القانونى | 27284 |
| 020 ## - الرقم الدولى المعيارى للكتب | |
| الرقم الدولى المعيارى للكتاب | 9789779606057 |
| 040 ## - مصدر الفهرسة | |
| وكالة الفهرسة الأصلية | EG-ScBUE |
| لغة الفهرسة | ara |
| قواعد الوصف | rda |
| وكالة النسخ | EG-ScBUE |
| وكالة التعديل | EG-ScBUE |
| 082 04 - رقم تصنيف ديوى العشرى | |
| رقم الطبعة | 22 |
| رقم التصنيف | 892.737 |
| رقم المادة | م ح ر |
| 100 1# - المدخل الرئيسى - إسم شخصى | |
| الإسم الشخصى | محرم ، طارق ، |
| التواريخ المصاحبة للاسم | 1962- |
| الدور | مؤلف |
| 245 10 - بيان العنوان | |
| العنوان | شطرنج : |
| بقية العنوان | مجموعة قصصية / |
| بيان المسئوليه,etc | طارق محرم |
| 250 ## - بيان الطبعة | |
| بيان الطبعة | الطبعة الأولى |
| 264 #1 - النشر، التوزيع | |
| مكان الناشر او الموزع | الجيزة، مصر : |
| اسم الناشر او الموزع | أطياف للنشر والتوزيع، |
| تاريخ النشر أو التوزيع | 2024. |
| 300 ## - الوصف المادى | |
| التعداد | 84 صفحة ؛ |
| أبعاد الوعاء | 18 سم |
| 336 ## - نوع المحتوى | |
| source | rdacontent |
| Carrier Type Term | نص |
| Content Type Code | txt |
| 337 ## - نوع الوسيط | |
| source | rdamedia |
| Media Type Term | بدون وسيط |
| Media Type Code | n |
| 338 ## - نوع الحامل أو الناقل | |
| source | rdacarrier |
| Carrier Type Term | مجلد |
| Carrier Type Code | nc |
| 541 ## - تبصرة المصدر المباشر للتزويد | |
| طريقة التزويد | إهداء ؛ |
| مصدر التزويد | دكتور طارق محرم |
| 650 #7 - المدخل الاضافى بالموضوع-مصطلح موضوعى | |
| مصدر الرأس أو المصطلح | BUEsh |
| مصطلح موضوعي أو اسم جغرافي كعنصر مدخل | القصص العربية القصيرة |
| التقسيم الفرعي الزمني | قرن 21. |
| 650 #7 - المدخل الاضافى بالموضوع-مصطلح موضوعى | |
| مصدر الرأس أو المصطلح | BUEsh |
| مصطلح موضوعي أو اسم جغرافي كعنصر مدخل | القصص العربية |
| التقسيم الفرعي الزمني | قرن 21. |
| 942 ## - عناصر المدخل الإضافي( كوها) | |
| مصدر التصنيف او مخطط الترفيف | Dewey Decimal Classification |
| حالة التراجع | حالة الفقد | مصدر التصنيف او خطة الترفيف | حالة تلف | ليس للاعارة | مجموعات كوها | المكان الدائم | المكان الحالي | موقع الترفيف | تاريخ الاكتساب | Source of acquisition | رقم الاستدعاء | الباركود | Date last seen | نوع الوعاء | تبصرة عامة |
|---|---|---|---|---|---|---|---|---|---|---|---|---|---|---|---|
| Dewey Decimal Classification | Donation-Gift | Central Library | Central Library | Second Floor | 26/11/2024 | Donation | 892.737 م ح ر | 000057186 | 15/07/2025 | NB - Book (Non borrowing) | |||||
| Dewey Decimal Classification | Donation-Gift | Central Library | Central Library | Second Floor | 26/11/2024 | Donation | 892.737 م ح ر | 000057185 | 15/07/2025 | Book - Borrowing | |||||
| Dewey Decimal Classification | Donation-Gift | Central Library | Central Library | Second Floor | 12/12/2024 | Donation | 892.737 م ح ر | 000057187 | 15/07/2025 | Book - Borrowing | إهداء من أطياف |